| 000 | 01414nam a2200445 i 4500 | ||
|---|---|---|---|
| 001 | 39961 | ||
| 003 | KOSZ 005 | ||
| 005 | 20220920103930.0 | ||
| 008 | 010821s2001 pl f f |000 0 pol | ||
| 015 | _aPB 2001/13878 | ||
| 020 | _a8372842736 | ||
| 040 |
_aWA N _cWA N _dKOSZ 005/HR |
||
| 041 | 0 | _apol | |
| 046 | _k2001 | ||
| 080 | _a346.52(438) | ||
| 080 | _a347.45/.46(438) | ||
| 080 | _a347.72/.73(438) | ||
| 080 | _a(07) | ||
| 100 | 1 |
_aTurzyński, Mikołaj _eAutor |
|
| 245 | 1 | 0 |
_aRachunkowość : _bnowe regulacje prawne : leasing, połączenia spółek, instrumenty finansowe, kontrakty długoterminowe / _cMikołaj Turzyński. |
| 260 |
_aWarszawa : _b"ABC", _ccop. 2001. |
||
| 300 |
_a188 s. ; _c21 cm. |
||
| 336 |
_2rdacontent _aTekst _btxt |
||
| 337 |
_2rdamedia _aBez urządzenia pośredniczącego _bn |
||
| 338 |
_2rdacarrier _aWolumin _bnc |
||
| 380 | _aKsiążki | ||
| 388 | _a2001- | ||
| 504 | _aBibliogr. przy rozdz. | ||
| 648 | 7 | _a2001- | |
| 650 | 4 | _aLeasing | |
| 650 | 4 | _aPrawo finansowe | |
| 650 | 4 | _aRachunkowość | |
| 650 | 4 | _aSpółki handlowe | |
| 651 | _aPolska | ||
| 655 | 4 | _aPodręcznik | |
| 658 | _aGospodarka, ekonomia, finanse | ||
| 658 | _aPrawo i wymiar sprawiedliwości | ||
| 856 |
_uhttp://koha.tu.koszalin.pl/cgi-bin/koha/opac-detail.pl?biblionumber=39961 _yKatalog online BPK |
||
| 942 |
_2UKD _cKS |
||
| 999 |
_c39961 _d39961 |
||